00563nam a22001337a 4500008004100000040001800041041000800059100003400067245019400101260005300295300002500348500003400373650002200407130821s1991 fr gr fre  aCo-BoUCMbspa00afre aGuerin, Maurice Ded1810-183900aJournal, lettres et poèmescMaurice de Guerin ; publies avec l'assentiment de sa famille par G. S. Trebutien et précédés d'une étude biographique et litterairi par M. Sainte-Beuve aParís (Francia)b[Editorial desconocida]c1991 axxxvi, 475 páginas aIncluye apéndice e índice04aPoesía francesa